| 000 | 00997nam a2200265Ia 4500 | ||
|---|---|---|---|
| 001 | ebr10405189 | ||
| 003 | CaPaEBR | ||
| 006 | m u | ||
| 007 | cr cn||||||||| | ||
| 008 | 070418s2010 cm s 000 0 eng d | ||
| 020 | _z9789956616480 | ||
| 040 |
_aCaPaEBR _cCaPaEBR |
||
| 035 | _a(OCoLC)680618051 | ||
| 050 | 1 | 4 |
_aPR9372.9.L36 _bE37 2010eb |
| 100 | 1 | _aLangmia, Kehbuma. | |
| 245 | 1 | 4 |
_aThe earth mother _h[electronic resource] / _cKehbuma Langmia. |
| 260 |
_aCameroon : _bLangaa RPCIG, _c2010. |
||
| 300 | _axi, 55 p. | ||
| 533 |
_aElectronic reproduction. _bPalo Alto, Calif. : _cebrary, _d2013. _nAvailable via World Wide Web. _nAccess may be limited to ebrary affiliated libraries. |
||
| 650 | 0 | _aCameroonian drama (English) | |
| 650 | 0 | _aCameroonian literature (English) | |
| 655 | 7 |
_aElectronic books. _2local |
|
| 710 | 2 | _aebrary, Inc. | |
| 856 | 4 | 0 |
_uhttp://site.ebrary.com/lib/rucke/Doc?id=10405189 _zAn electronic book accessible through the World Wide Web; click to view |
| 999 |
_c82218 _d82218 |
||